000 00322nam a22001337a 4500
008 170502b xxu||||| |||| 00| 0 eng d
020 _a9780582218093
041 _aeng
080 _a341
100 _a13
101 _aSHJ
245 _aTHE NATIONAL QUESTION IN THE POST SOVIET STATES
_cSMITH.G
942 _2udc
_cBK
999 _c12375
_d12375